Normal view MARC view

Entry Topical Term

Number of records used in: 1

001 - CONTROL NUMBER

  • control field: 56233

003 - CONTROL NUMBER IDENTIFIER

  • control field: OSt

005 - DATE AND TIME OF LATEST TRANSACTION

  • control field: 20250821144945.0

008 - FIXED-LENGTH DATA ELEMENTS

  • fixed length control field: 250821|| aca||aabn | a|a d

040 ## - CATALOGING SOURCE

  • Original cataloging agency: OSt
  • Transcribing agency: OSt

150 ## - HEADING--TOPICAL TERM

  • Topical term or geographic name entry element: Administrative Burden, Shelter, Evacuation, and hurricane.

670 ## - SOURCE DATA FOUND

  • Source citation: Work cat.: (OSt): Entress, Rebecca Dougherty, Ratna B. and Knox,Claire Connolly 56232, Barriers to evacuating: A study on administrative burdens to special needs shelters

Powered by Koha